| 000 | 00430nam a2200157 4500 | ||
|---|---|---|---|
| 999 |
_c513251 _d513251 |
||
| 008 | 200205b ||||| |||| 00| 0 eng d | ||
| 100 |
_aVerma, Manisha _915813 |
||
| 245 | _aNutrition: A public health priority | ||
| 260 | _bKurukshetra | ||
| 300 | _a68(3), Jan 2020: p.21- 25. | ||
| 650 |
_aPublic health _915814 |
||
| 700 |
_aPassi, Pooja _915815 |
||
| 773 | _aKurukshetra | ||
| 906 | _aNutrition - India | ||
| 942 |
_2ddc _cAR |
||